Statistics for Famous Corners on 2016 Formula 1 Circuits

Click here to take the quiz!

General Stats

  • This quiz has been taken 478 times
  • The average score is 7 of 13

Answer Stats

CornersCircuit% Correct
Eau Rouge, Malmedy, Paul FrereSpa-Francorchamps
93%
Beau Rivage, La Rascasse, MirabeauMonaco
85%
Lesmo, Parabolica, RettifiloMonza
77%
Chapel, Luffield, WoodcoteSilverstone
72%
Mercedes, Mobil 1, SachsHockenheim
59%
Degner, Dunlop, SpoonSuzuka
51%
Castrol Edge, Remus, RindtSpielberg
46%
Juncao, Laranja, Mergulho,Interlagos
44%
Memorial, Sheares, _________ SlingSingapore
41%
Genting, Kenyir Lake, LangkawiSepang
27%
Ascari, Prost, StewartMelbourne
25%
Campsa, Europcar, New HollandCatalunya
23%
Island Hairpin, L'Epingle, SennaMontreal
23%

Score Distribution

Percentile by Number Answered

Percent of People with Each Score

Your Score History

You have not taken this quiz